| 000 | 01221cam a2200337 a 4500 | ||
|---|---|---|---|
| 001 | 15873121 | ||
| 003 | OSt | ||
| 005 | 20170105102900.0 | ||
| 008 | 090819s2010 enkb b 001 0 eng | ||
| 010 | _a 2009034070 | ||
| 020 | _a9780415453387 | ||
| 020 | _a0415453380 | ||
| 020 | _a9780203857526 (ebook) | ||
| 020 | _a0203857526 (ebook) | ||
| 035 | _a(OCoLC)ocn434125214 | ||
| 040 |
_aDLC _cDLC _dYDX _dYDXCP _dBWX _dCDX _dDLC |
||
| 050 | 0 | 0 |
_aHV6431 _b.K262 2010 |
| 082 | 0 | 0 |
_a363.325 _222 _bKAP 2010 |
| 100 | 1 |
_aKaplan, Jeffrey, _d1954- |
|
| 245 | 1 | 0 |
_aTerrorist groups and new tribalism : _bterrorism's fifth wave / _cJeffrey Kaplan. |
| 260 |
_aAbingdon, Oxon [England] ; _aNew York : _bRoutledge, _c2010. |
||
| 300 |
_a235 p. : _bmaps ; _c24 cm. |
||
| 490 | 1 | _aPolitical violence | |
| 504 | _aIncludes bibliographical references and index. | ||
| 650 | 0 |
_aTerrorism _xPhilosophy. |
|
| 830 | 0 | _aCass series on political violence. | |
| 856 | 4 | 2 |
_3Contributor biographical information _uhttp://www.loc.gov/catdir/enhancements/fy1102/2009034070-b.html |
| 906 |
_a7 _bcbc _corignew _d1 _eecip _f20 _gy-gencatlg |
||
| 942 |
_2ddc _cBK |
||
| 999 |
_c14632 _d14632 |
||